000 00563nam a2200193Ia 4500
005 20250508160509.0
008 008 250505s9999 xx 000 0 hin d
037 _aTextual
040 _aFEDL
_beng
_cFEDL
041 _ahin
_2hin
084 _a150.9, SHA
_qFEDL
100 _aSharma J. D.
_9762273
245 0 _aManovigyan ka itihas: Aadhunik siddhank tattha paddhatiyan
260 _aAgra, India
_bVinod Pustak Mandir
_c1969
300 _a365p
700 _a Sarswat G. D.
_9768640
942 _cTEXL
_h150.9, SHA
999 _c1364974
_d1364974